| 000 | 01045nam a2200241 a 4500 | ||
|---|---|---|---|
| 001 | 000012761 | ||
| 005 | 20200929163053.0 | ||
| 008 | 091117s200u dr ac 000 0 spa d | ||
| 020 | _a9993496464 (v. 5) | ||
| 020 | _a9993496472 (v. 6) | ||
| 040 |
_aDO-SdBNP _bspa _cBNPHU |
||
| 100 | 1 |
_aMena Mañón, Juan F. _929554 |
|
| 245 | 1 | 0 |
_aAprendo matemática : _beducación básica / _cJuan F. Mena Mañón, Juan Ramírez Rosario. |
| 260 |
_aSanto Domingo : _bActualidad Escolar 2000, _c[20--]. |
||
| 300 |
_av. : _bil., retrs. ; _c28 cm. |
||
| 490 | 1 | _aMatemática actual | |
| 500 | _aEducación básica | ||
| 500 | _aLa biblioteca solamente posee los volumenes 5 y 6. | ||
| 505 | 0 |
_av. 5 _gunidad 1 -- _tNúmeros y operaciones -- _gunidad 2 -- _tGeometría -- _gunidad 3 -- _tMediciones -- _gunidad 4 -- _tEstadística -- |
|
| 505 | 0 |
_av. 6 _gunidad 1 -- _tNúmeros y operaciones -- _gunidad 2 -- _tGeometría -- _gunidad 3 -- _tMediciones -- _gunidad 4 -- _tEstadística -- |
|
| 700 | 1 |
_aRamírez Rosario, Juan _929555 |
|
| 830 | 0 |
_aMatemática actual _929556 |
|
| 999 |
_c12412 _d12412 |
||